<?xml version="1.0" encoding="UTF-8"?>
<record
    xmlns:xsi="http://www.w3.org/2001/XMLSchema-instance"
    xsi:schemaLocation="http://www.loc.gov/MARC21/slim http://www.loc.gov/standards/marcxml/schema/MARC21slim.xsd"
    xmlns="http://www.loc.gov/MARC21/slim">

  <leader>01204nam a22002657a 4500</leader>
  <controlfield tag="001">BRCA_9305</controlfield>
  <controlfield tag="003">FranzMayer</controlfield>
  <controlfield tag="005">20230809144248.0</controlfield>
  <controlfield tag="008">230809b        |||||||| |||| 00| 0 eng d</controlfield>
  <datafield tag="040" ind1=" " ind2=" ">
    <subfield code="a">MFM</subfield>
    <subfield code="b">espa&#xF1;ol</subfield>
    <subfield code="c">MFM</subfield>
  </datafield>
  <datafield tag="050" ind1=" " ind2="0">
    <subfield code="a">PQ6327.P4</subfield>
    <subfield code="b">.C47 1760 (LM27)</subfield>
  </datafield>
  <datafield tag="100" ind1="1" ind2=" ">
    <subfield code="4">Autor</subfield>
    <subfield code="a">Cervantes Saavedra, Miguel de</subfield>
    <subfield code="9">29000</subfield>
  </datafield>
  <datafield tag="240" ind1=" " ind2=" ">
    <subfield code="a">Historia de los trabajos de Persiles y Sigismunda</subfield>
    <subfield code="h">Nuevamente corregida, y enmendada en esta ultima impression</subfield>
    <subfield code="l">espa&#xF1;ol</subfield>
  </datafield>
  <datafield tag="245" ind1=" " ind2="0">
    <subfield code="a">Historia de los trabajos de Persiles y Sigismunda</subfield>
    <subfield code="b">Nuevamente corregida, y enmendada en esta ultima impression</subfield>
  </datafield>
  <datafield tag="260" ind1=" " ind2=" ">
    <subfield code="a">Madrid</subfield>
    <subfield code="b">Juan Nadal Impressor</subfield>
    <subfield code="c">1760</subfield>
  </datafield>
  <datafield tag="300" ind1=" " ind2=" ">
    <subfield code="a">20 cm</subfield>
    <subfield code="c">328 p.</subfield>
  </datafield>
  <datafield tag="500" ind1=" " ind2=" ">
    <subfield code="a">Fondo antiguo</subfield>
  </datafield>
  <datafield tag="500" ind1=" " ind2=" ">
    <subfield code="a">Ejemplar se encuentra en fondo antiguo</subfield>
  </datafield>
  <datafield tag="500" ind1=" " ind2=" ">
    <subfield code="a">LM27</subfield>
  </datafield>
  <datafield tag="501" ind1=" " ind2=" ">
    <subfield code="a">Fondo reservado: para su consulta es necesario credencial de usuario y carta de motivos.</subfield>
  </datafield>
  <datafield tag="505" ind1=" " ind2=" ">
    <subfield code="a">Texto en: espa&#xF1;olDirigido a: fil&#xF3;logos, historiadores, literatos, bibliofilos.</subfield>
  </datafield>
  <datafield tag="650" ind1="1" ind2=" ">
    <subfield code="2">Literatura espa&#xF1;ola</subfield>
    <subfield code="a">Autores individuales</subfield>
    <subfield code="v">Autores individuales del siglo XVII</subfield>
    <subfield code="9">29001</subfield>
  </datafield>
  <datafield tag="651" ind1="2" ind2=" ">
    <subfield code="2">Cervantes de Saavedra, Miguel de (1547-1616)</subfield>
    <subfield code="a">Ediciones</subfield>
    <subfield code="v">Persiles y Sigismunda</subfield>
    <subfield code="9">29002</subfield>
  </datafield>
  <datafield tag="942" ind1=" " ind2=" ">
    <subfield code="2">lcc</subfield>
    <subfield code="c">B</subfield>
  </datafield>
  <datafield tag="999" ind1=" " ind2=" ">
    <subfield code="c">10926</subfield>
    <subfield code="d">10926</subfield>
  </datafield>
  <datafield tag="952" ind1=" " ind2=" ">
    <subfield code="0">0</subfield>
    <subfield code="1">0</subfield>
    <subfield code="2">lcc</subfield>
    <subfield code="4">0</subfield>
    <subfield code="7">0</subfield>
    <subfield code="8">LAR</subfield>
    <subfield code="a">BRCA</subfield>
    <subfield code="b">BRCA</subfield>
    <subfield code="d">2023-08-09</subfield>
    <subfield code="e">Donaci&#xF3;n</subfield>
    <subfield code="l">0</subfield>
    <subfield code="o">PQ6327.P4 .C47 1760 (LM27)</subfield>
    <subfield code="p">LAR00191</subfield>
    <subfield code="r">2023-08-09 00:00:00</subfield>
    <subfield code="w">2023-08-09</subfield>
    <subfield code="y">B</subfield>
  </datafield>
</record>
